Stick Season (Forever) - Album (Noah Kahan) - Statistics

General Stats
  • This quiz has been taken 61 times
  • The average score is 24 of 30
Answer Stats
# Title % Correct
2. Stick Season
95%
1. Northern Attitude
90%
26.(w/ Hozier) Northern Attitude
90%
19. Call Your Mom
88%
24.(w/ Lizzy Mcalpine) Call Your Mom
88%
16. Dial Drunk
88%
23.(w/ Post Malone) Dial Drunk
88%
7. Everywhere, Everything
88%
27.(w/ Gracie Abrams) Everywhere, Everything
88%
9. Strawberry Wine
88%
10. Growing Sideways
83%
8. Orange Juice
83%
17. Paul Revere
83%
30.(w/ Gregory Alan Isakov) Paul Revere
83%
14. The View Between Villages
83%
21. (Extended) The View Between Villages
83%
3. All My Love
80%
4. She Calls Me Back
80%
25.(w/ Kacey Musgraves) She Calls Me Back
80%
20. You're Gonna Go Far
80%
29.(w/ Brandi Carlile) You're Gonna Go Far
80%
22. Forever
78%
11. Halloween
78%
12. Homesick
73%
28.(w/ Sam Fender) Homesick
73%
6. New Perspective
73%
13. Still
71%
18. No Complaints
66%
5. Come Over
61%
15. Your Needs, My Needs
56%
No matching quizzes found
Score Distribution
Percent of People with Each Score
Percentile by Number Answered
Your Score History
You have not taken this quiz